[Event "Grand Swiss "]
[Date "2025.09.11"]
[White "Korobov, Anton"]
[Black "Liang, Awonder"]
[WhiteElo "2616"]
[BlackElo "2698"]
[Round "7.7.25"]
[Result "0-1"]

1. e4 {[%clk 01:40:57] [%emt 00:00:02]} e5 {[%clk 01:40:59] [%emt 00:00:02]} 2.
Nf3 {[%clk 01:41:19] [%emt 00:00:07]} Nc6 {[%clk 01:41:24] [%emt 00:00:06]} 3.
Bc4 {[%clk 01:41:41] [%emt 00:00:05]} Bc5 {[%clk 01:41:50] [%emt 00:00:06]} 4.
c3 {[%clk 01:42:02] [%emt 00:00:09]} Nf6 {[%clk 01:42:13] [%emt 00:00:07]} 5. d3
{[%clk 01:42:24] [%emt 00:00:07]} d6 {[%clk 01:42:39] [%emt 00:00:05]} 6. Nbd2
{[%clk 01:42:49] [%emt 00:00:05]} a6 {[%clk 01:40:41] [%emt 00:02:29]} 7. O-O
{[%clk 01:39:10] [%emt 00:04:07]} O-O {[%clk 01:41:05] [%emt 00:00:07]} 8. b4
{[%clk 01:39:05] [%emt 00:00:34]} Ba7 {[%clk 01:41:33] [%emt 00:00:03]} 9. a4
{[%clk 01:38:48] [%emt 00:00:47]} Re8 {[%clk 01:41:16] [%emt 00:00:47]} 10. Ng5
{[%clk 01:34:05] [%emt 00:05:13]} Rf8 {[%clk 01:33:50] [%emt 00:07:56]} 11. Ba3
{[%clk 01:27:18] [%emt 00:07:17]} h6 {[%clk 01:31:32] [%emt 00:02:49]} 12. Ngf3
{[%clk 01:26:01] [%emt 00:01:46]} Ne7 {[%clk 01:29:08] [%emt 00:02:55]} 13. b5
{[%clk 01:25:14] [%emt 00:01:17]} Ng6 {[%clk 01:28:26] [%emt 00:01:12]} 14. d4
{[%clk 01:19:31] [%emt 00:06:13]} Re8 {[%clk 01:27:00] [%emt 00:01:56]} 15. Re1
{[%clk 01:08:37] [%emt 00:11:23]} Be6 {[%clk 01:10:43] [%emt 00:16:47]} 16. bxa6
{[%clk 00:57:23] [%emt 00:11:43]} bxa6 {[%clk 01:11:03] [%emt 00:00:11]} 17. Bf1
{[%clk 00:57:33] [%emt 00:00:19]} Bd7 {[%clk 00:38:42] [%emt 00:32:53]} 18. Qc2
{[%clk 00:52:37] [%emt 00:05:25]} Nh5 {[%clk 00:35:57] [%emt 00:03:15]} 19. Bb2
{[%clk 00:42:59] [%emt 00:10:08]} Nhf4 {[%clk 00:34:54] [%emt 00:01:33]} 20.
Bxa6 {[%clk 00:36:40] [%emt 00:06:47]} Bxd4 {[%clk 00:33:59] [%emt 00:01:26]}
21. cxd4 {[%clk 00:33:21] [%emt 00:03:49]} Rxa6 {[%clk 00:34:27] [%emt
00:00:02]} 22. a5 {[%clk 00:33:38] [%emt 00:00:14]} c5 {[%clk 00:21:36] [%emt
00:13:21]} 23. dxc5 {[%clk 00:31:36] [%emt 00:02:32]} dxc5 {[%clk 00:22:00]
[%emt 00:00:06]} 24. Nc4 {[%clk 00:28:17] [%emt 00:03:48]} Qf6 {[%clk 00:20:21]
[%emt 00:02:10]} 25. Ra3 {[%clk 00:27:05] [%emt 00:01:41]} Bg4 {[%clk 00:19:25]
[%emt 00:01:26]} 26. g3 {[%clk 00:21:11] [%emt 00:06:25]} Nh3+ {[%clk 00:14:20]
[%emt 00:05:35]} 27. Kg2 {[%clk 00:20:39] [%emt 00:01:01]} Ng5 {[%clk 00:11:59]
[%emt 00:02:52]} 28. Nxg5 {[%clk 00:19:57] [%emt 00:01:11]} Qxg5 {[%clk
00:12:27] [%emt 00:00:02]} 29. h4 {[%clk 00:16:40] [%emt 00:03:46]} Qh5 {[%clk
00:11:55] [%emt 00:01:02]} 30. f3 {[%clk 00:12:00] [%emt 00:05:10]} Nxh4+ {[%clk
00:07:40] [%emt 00:04:46]} 31. gxh4 {[%clk 00:12:26] [%emt 00:00:04]} Rg6 {[%clk
00:08:03] [%emt 00:00:07]} 32. fxg4 {[%clk 00:07:37] [%emt 00:05:19]} Qxg4+
{[%clk 00:08:28] [%emt 00:00:05]} 33. Kf1 {[%clk 00:08:04] [%emt 00:00:02]} Rf6+
{[%clk 00:08:25] [%emt 00:00:34]} 34. Qf2 {[%clk 00:08:25] [%emt 00:00:09]}
Rxf2+ {[%clk 00:08:44] [%emt 00:00:11]} 35. Kxf2 {[%clk 00:08:54]} Qxh4+ {[%clk
00:09:02] [%emt 00:00:13]} 36. Rg3 {[%clk 00:08:28] [%emt 00:00:55]} f5 {[%clk
00:09:16] [%emt 00:00:17]} 37. Kf3 {[%clk 00:05:59] [%emt 00:02:58]} f4 {[%clk
00:09:11] [%emt 00:00:35]} 38. Rgg1 {[%clk 00:06:28] [%emt 00:00:01]} Qh3+
{[%clk 00:06:26] [%emt 00:03:16]} 39. Kf2 {[%clk 00:06:40] [%emt 00:00:17]} Qh2+
{[%clk 00:06:44] [%emt 00:00:12]} 40. Kf1 {[%clk 00:05:29] [%emt 00:01:41]} Qh3+
{[%clk 00:01:51] [%emt 00:05:22]} 41. Kf2 {[%clk 00:01:53] [%emt 00:04:08]} Qh2+
{[%clk 00:48:46] [%emt 00:03:35]} 42. Kf1 {[%clk 00:51:45] [%emt 00:00:38]} f3
{[%clk 00:47:01] [%emt 00:02:16]} 43. Re3 {[%clk 00:49:19] [%emt 00:02:56]} Rd8
{[%clk 00:44:59] [%emt 00:02:32]} 44. Rxg7+ {[%clk 00:49:39] [%emt 00:00:09]}
Kh8 {[%clk 00:45:26] [%emt 00:00:04]} 0-1

[Site "Europe Echecs"]

[Event "Grand Swiss "]
[Date "2025.09.11"]
[White "Robson, Ray"]
[Black "Demchenko, Anton"]
[WhiteElo "2674"]
[BlackElo "2620"]
[Round "7.7.26"]
[Result "1/2-1/2"]

1. e4 {[%clk 01:38:16] [%emt 00:02:35]} c5 {[%clk 01:40:57] [%emt 00:00:12]} 2.
Nf3 {[%clk 01:38:20] [%emt 00:00:25]} Nc6 {[%clk 01:41:23] [%emt 00:00:04]} 3.
Bb5 {[%clk 01:34:41] [%emt 00:04:08]} d6 {[%clk 01:41:41] [%emt 00:00:12]} 4.
O-O {[%clk 01:33:54] [%emt 00:01:17]} Bd7 {[%clk 01:42:07] [%emt 00:00:06]} 5.
Re1 {[%clk 01:31:53] [%emt 00:02:30]} a6 {[%clk 01:42:14] [%emt 00:00:24]} 6.
Bxc6 {[%clk 01:28:45] [%emt 00:03:38]} Bxc6 {[%clk 01:41:49] [%emt 00:00:54]} 7.
d4 {[%clk 01:27:55] [%emt 00:01:20]} cxd4 {[%clk 01:42:13] [%emt 00:00:06]} 8.
Nxd4 {[%clk 01:27:06] [%emt 00:01:18]} Rc8 {[%clk 01:42:35] [%emt 00:00:09]} 9.
c4 {[%clk 01:20:11] [%emt 00:07:24]} g6 {[%clk 01:42:43] [%emt 00:00:22]} 10. b3
{[%clk 01:17:54] [%emt 00:02:47]} Bg7 {[%clk 01:40:36] [%emt 00:02:38]} 11. Bb2
{[%clk 01:17:29] [%emt 00:00:55]} Nf6 {[%clk 01:40:49] [%emt 00:00:18]} 12. Nc3
{[%clk 01:13:47] [%emt 00:04:11]} O-O {[%clk 01:40:56] [%emt 00:00:24]} 13. h3
{[%clk 00:59:11] [%emt 00:15:06]} e6 {[%clk 01:37:49] [%emt 00:03:37]} 14. Qf3
{[%clk 00:46:40] [%emt 00:13:01]} Nd7 {[%clk 01:26:58] [%emt 00:11:22]} 15. Rad1
{[%clk 00:39:14] [%emt 00:07:55]} Qa5 {[%clk 01:20:29] [%emt 00:06:59]} 16. Qg3
{[%clk 00:31:32] [%emt 00:08:12]} Rfd8 {[%clk 01:12:20] [%emt 00:08:39]} 17.
Qxd6 {[%clk 00:28:11] [%emt 00:03:51]} Ne5 {[%clk 00:51:59] [%emt 00:20:51]} 18.
Qa3 {[%clk 00:28:15] [%emt 00:00:26]} Nf3+ {[%clk 00:28:07] [%emt 00:24:23]} 19.
Nxf3 {[%clk 00:18:40] [%emt 00:10:04]} Qxa3 {[%clk 00:28:30] [%emt 00:00:08]}
20. Bxa3 {[%clk 00:19:03] [%emt 00:00:07]} Bxc3 {[%clk 00:28:57] [%emt
00:00:03]} 21. Rxd8+ {[%clk 00:19:03] [%emt 00:00:29]} Rxd8 {[%clk 00:29:26]
[%emt 00:00:01]} 22. Re2 {[%clk 00:18:21] [%emt 00:01:13]} Rd1+ {[%clk 00:28:29]
[%emt 00:01:27]} 23. Kh2 {[%clk 00:18:48] [%emt 00:00:02]} f6 {[%clk 00:27:03]
[%emt 00:01:56]} 24. Rc2 {[%clk 00:10:56] [%emt 00:08:21]} Ba5 {[%clk 00:24:29]
[%emt 00:03:05]} 25. e5 {[%clk 00:10:28] [%emt 00:00:58]} Bc7 {[%clk 00:17:37]
[%emt 00:07:21]} 26. Bd6 {[%clk 00:08:58] [%emt 00:02:01]} Bxd6 {[%clk 00:17:58]
[%emt 00:00:09]} 27. exd6 {[%clk 00:09:22] [%emt 00:00:05]} Rxd6 {[%clk
00:18:26] [%emt 00:00:02]} 28. Nd2 {[%clk 00:02:32] [%emt 00:07:21]} Kf8 {[%clk
00:15:22] [%emt 00:03:33]} 29. f3 {[%clk 00:02:43] [%emt 00:00:19]} Ke7 {[%clk
00:13:37] [%emt 00:02:15]} 30. Kg3 {[%clk 00:03:04] [%emt 00:00:09]} h5 {[%clk
00:13:25] [%emt 00:00:41]} 31. Kf2 {[%clk 00:02:40] [%emt 00:00:55]} h4 {[%clk
00:13:40] [%emt 00:00:15]} 32. Ke2 {[%clk 00:02:05] [%emt 00:01:05]} e5 {[%clk
00:12:06] [%emt 00:02:04]} 33. b4 {[%clk 00:01:57] [%emt 00:00:39]} g5 {[%clk
00:09:44] [%emt 00:02:52]} 34. Rc3 {[%clk 00:01:11] [%emt 00:01:16]} f5 {[%clk
00:08:13] [%emt 00:02:00]} 35. Nb3 {[%clk 00:01:26] [%emt 00:00:14]} b6 {[%clk
00:05:04] [%emt 00:03:40]} 36. c5 {[%clk 00:01:29] [%emt 00:00:27]} bxc5 {[%clk
00:05:30] [%emt 00:00:04]} 37. Nxc5 {[%clk 00:01:29] [%emt 00:00:29]} Bd5 {[%clk
00:02:49] [%emt 00:03:11]} 38. a3 {[%clk 00:00:33] [%emt 00:01:27]} g4 {[%clk
00:02:41] [%emt 00:00:38]} 39. Nd3 {[%clk 00:00:43] [%emt 00:00:20]} Kf6 {[%clk
00:00:56] [%emt 00:02:14]} 40. f4 {[%clk 00:00:34] [%emt 00:00:39]} exf4 {[%clk
00:00:39] [%emt 00:00:47]} 41. Nxf4 {[%clk 00:01:01] [%emt 00:00:01]} Bc6 {[%clk
00:36:44] [%emt 00:14:27]} 42. hxg4 {[%clk 00:47:31] [%emt 00:03:59]} Kg5 {[%clk
00:29:34] [%emt 00:07:40]} 43. Nh3+ {[%clk 00:37:07] [%emt 00:10:54]} Kxg4
{[%clk 00:29:57] [%emt 00:00:07]} 44. Nf2+ {[%clk 00:37:05] [%emt 00:00:32]} Kf4
{[%clk 00:24:22] [%emt 00:06:06]} 45. Nh3+ {[%clk 00:28:56] [%emt 00:08:39]} Kg4
{[%clk 00:24:36] [%emt 00:00:15]} 46. Nf2+ {[%clk 00:28:57] [%emt 00:00:28]} Kf4
{[%clk 00:24:57] [%emt 00:00:09]} 47. Nh3+ {[%clk 00:29:16] [%emt 00:00:10]} Ke5
{[%clk 00:25:24] [%emt 00:00:04]} 48. g3 {[%clk 00:25:49] [%emt 00:03:58]} Bb5+
{[%clk 00:22:10] [%emt 00:03:45]} 49. Kf3 {[%clk 00:24:56] [%emt 00:01:22]} Bc6+
{[%clk 00:18:16] [%emt 00:04:24]} 50. Ke2 {[%clk 00:23:35] [%emt 00:01:51]} hxg3
{[%clk 00:18:37] [%emt 00:00:09]} 51. Rxg3 {[%clk 00:22:33] [%emt 00:01:32]}
Bb5+ {[%clk 00:18:09] [%emt 00:00:59]} 52. Ke1 {[%clk 00:21:48] [%emt 00:01:14]}
Ke4 {[%clk 00:07:33] [%emt 00:11:06]} 53. Nf2+ {[%clk 00:17:02] [%emt 00:05:15]}
Kd4 {[%clk 00:07:48] [%emt 00:00:16]} 54. Rf3 {[%clk 00:09:34] [%emt 00:07:58]}
Ke5 {[%clk 00:07:56] [%emt 00:00:22]} 55. Re3+ {[%clk 00:08:13] [%emt 00:01:52]}
Kf4 {[%clk 00:07:55] [%emt 00:00:30]} 56. Rc3 {[%clk 00:08:02] [%emt 00:00:41]}
Rd7 {[%clk 00:01:48] [%emt 00:06:39]} 57. Nh3+ {[%clk 00:07:23] [%emt 00:01:08]}
Ke4 {[%clk 00:01:36] [%emt 00:00:41]} 58. Nf2+ {[%clk 00:04:10] [%emt 00:03:43]}
Ke5 {[%clk 00:01:42] [%emt 00:00:24]} 59. Re3+ {[%clk 00:03:44] [%emt 00:00:56]}
Kf6 {[%clk 00:01:03] [%emt 00:01:09]} 60. Nh3 {[%clk 00:03:24] [%emt 00:00:49]}
Rd4 {[%clk 00:01:15] [%emt 00:00:19]} 61. Kf2 {[%clk 00:02:03] [%emt 00:01:51]}
f4 {[%clk 00:14:36] [%emt 00:02:09]} 62. Nxf4 {[%clk 00:10:36] [%emt 00:06:57]}
Rxf4+ {[%clk 00:15:02] [%emt 00:00:04]} 63. Rf3 {[%clk 00:11:00] [%emt
00:00:05]} Rxf3+ {[%clk 00:09:12] [%emt 00:06:20]} 64. Kxf3 {[%emt 00:00:16]}
Ke5 65. Ke3 {[%clk 00:10:26] [%emt 00:01:17]} Kd5 {[%clk 00:06:30] [%emt
00:03:42]} 66. Kd2 {[%clk 00:10:06] [%emt 00:00:50]} Kc4 {[%clk 00:05:48] [%emt
00:01:12]} 67. Kc2 {[%clk 00:09:25] [%emt 00:01:10]} Ba4+ {[%clk 00:06:07] [%emt
00:00:12]} 68. Kb2 {[%clk 00:09:48] [%emt 00:00:07]} Kd3 {[%clk 00:06:25] [%emt
00:00:12]} 69. Kb1 {[%clk 00:09:48] [%emt 00:00:30]} Kc4 {[%clk 00:03:15] [%emt
00:03:41]} 70. Kb2 {[%clk 00:09:44] [%emt 00:00:33]} Kd4 {[%clk 00:03:41] [%emt
00:00:04]} 71. Kb1 {[%clk 00:09:28] [%emt 00:00:46]} Kc3 {[%clk 00:04:06] [%emt
00:00:06]} 72. Ka2 {[%clk 00:09:31] [%emt 00:00:26]} Kc2 {[%clk 00:03:35] [%emt
00:01:01]} 73. Ka1 {[%clk 00:09:52] [%emt 00:00:09]} Bb3 {[%clk 00:02:34] [%emt
00:01:32]} 74. a4 {[%clk 00:10:05] [%emt 00:00:17]} Bc4 {[%clk 00:02:41] [%emt
00:00:23]} 75. b5 {[%clk 00:10:12] [%emt 00:00:22]} Bxb5 {[%clk 00:03:08] [%emt
00:00:03]} 76. a5 {[%clk 00:09:29] [%emt 00:01:13]} Kb3 {[%clk 00:03:20] [%emt
00:00:18]} 77. Kb1 {[%clk 00:09:51] [%emt 00:00:08]} Bd3+ {[%clk 00:03:47] [%emt
00:00:04]} 78. Ka1 {[%clk 00:10:13] [%emt 00:00:07]} Ka3 {[%clk 00:04:02] [%emt
00:00:16]} 1/2-1/2

[Site "Europe Echecs"]

[Event "Grand Swiss "]
[Date "2025.09.11"]
[White "Zemlyanskii, Ivan"]
[Black "Murzin, Volodar"]
[WhiteElo "2586"]
[BlackElo "2670"]
[Round "7.7.27"]
[Result "1/2-1/2"]

1. e4 {[%clk 01:40:57] [%emt 00:00:01]} e5 {[%clk 01:40:54] [%emt 00:00:06]} 2.
Nf3 {[%clk 01:41:23] [%emt 00:00:05]} Nc6 {[%clk 01:41:20] [%emt 00:00:04]} 3.
Bb5 {[%clk 01:41:49] [%emt 00:00:04]} Nf6 {[%clk 01:41:43] [%emt 00:00:07]} 4.
d3 {[%clk 01:42:15] [%emt 00:00:04]} Bc5 {[%clk 01:42:08] [%emt 00:00:05]} 5.
O-O {[%clk 01:42:41] [%emt 00:00:04]} Nd4 {[%clk 01:41:01] [%emt 00:01:37]} 6.
Nxd4 {[%clk 01:43:05] [%emt 00:00:06]} Bxd4 {[%clk 01:41:28] [%emt 00:00:04]} 7.
c3 {[%clk 01:43:30] [%emt 00:00:04]} Bb6 {[%clk 01:41:48] [%emt 00:00:10]} 8.
Ba4 {[%clk 01:43:57] [%emt 00:00:03]} O-O {[%clk 01:40:42] [%emt 00:01:36]} 9.
Bg5 {[%clk 01:44:23] [%emt 00:00:04]} h6 {[%clk 01:39:32] [%emt 00:01:41]} 10.
Bh4 {[%clk 01:44:49] [%emt 00:00:04]} d6 {[%clk 01:29:15] [%emt 00:10:47]} 11.
Nd2 {[%clk 01:40:15] [%emt 00:05:03]} g5 {[%clk 01:26:18] [%emt 00:03:28]} 12.
Bg3 {[%clk 01:40:41] [%emt 00:00:04]} Bg4 {[%clk 01:26:42] [%emt 00:00:05]} 13.
Qe1 {[%clk 01:35:46] [%emt 00:05:26]} Nh5 {[%clk 01:23:27] [%emt 00:03:45]} 14.
Bd1 {[%clk 01:25:43] [%emt 00:10:33]} Bxd1 {[%clk 01:15:24] [%emt 00:08:32]} 15.
Qxd1 {[%clk 01:24:52] [%emt 00:01:21]} Ng7 {[%clk 01:13:42] [%emt 00:02:13]} 16.
a4 {[%clk 01:22:00] [%emt 00:03:22]} a6 {[%clk 01:11:17] [%emt 00:02:54]} 17.
Kh1 {[%clk 01:11:18] [%emt 00:11:11]} Kh8 {[%clk 01:06:32] [%emt 00:05:16]} 18.
Qb3 {[%clk 01:08:21] [%emt 00:03:27]} Rb8 {[%clk 01:01:11] [%emt 00:05:51]} 19.
Rad1 {[%clk 00:58:18] [%emt 00:10:33]} f5 {[%clk 00:54:52] [%emt 00:06:49]} 20.
f3 {[%clk 00:53:24] [%emt 00:05:24]} Qf6 {[%clk 00:34:51] [%emt 00:20:31]} 21.
Nc4 {[%clk 00:46:54] [%emt 00:07:00]} Qf7 {[%clk 00:32:29] [%emt 00:02:52]} 22.
Qc2 {[%clk 00:34:24] [%emt 00:13:00]} Ba7 {[%clk 00:32:33] [%emt 00:00:26]} 23.
exf5 {[%clk 00:28:26] [%emt 00:06:29]} b5 {[%clk 00:27:58] [%emt 00:05:05]} 24.
axb5 {[%clk 00:28:25] [%emt 00:00:31]} axb5 {[%clk 00:28:21] [%emt 00:00:06]}
25. Na3 {[%clk 00:26:23] [%emt 00:02:32]} Nxf5 {[%clk 00:18:38] [%emt 00:10:12]}
26. Bf2 {[%clk 00:26:50] [%emt 00:00:03]} Bxf2 {[%clk 00:18:43] [%emt 00:00:25]}
27. Qxf2 {[%clk 00:27:19] [%emt 00:00:01]} Qb3 {[%clk 00:18:32] [%emt 00:00:41]}
28. Qd2 {[%clk 00:21:16] [%emt 00:06:33]} Rb7 {[%clk 00:14:08] [%emt 00:04:54]}
29. Rfe1 {[%clk 00:18:31] [%emt 00:03:16]} b4 {[%clk 00:13:00] [%emt 00:01:38]}
30. Nc4 {[%clk 00:18:17] [%emt 00:00:44]} bxc3 {[%clk 00:12:45] [%emt 00:00:45]}
31. bxc3 {[%clk 00:18:30] [%emt 00:00:17]} Ra8 {[%clk 00:13:09] [%emt 00:00:06]}
32. Qe2 {[%clk 00:15:35] [%emt 00:03:25]} Rba7 {[%clk 00:09:39] [%emt 00:04:00]}
33. d4 {[%clk 00:09:42] [%emt 00:06:23]} exd4 {[%clk 00:05:48] [%emt 00:04:22]}
34. cxd4 {[%clk 00:06:15] [%emt 00:03:58]} Rf8 {[%clk 00:04:09] [%emt 00:02:08]}
35. Rb1 {[%clk 00:05:04] [%emt 00:01:41]} Qa2 {[%clk 00:03:42] [%emt 00:00:57]}
36. Qd3 {[%clk 00:03:49] [%emt 00:01:45]} Ra4 {[%clk 00:03:23] [%emt 00:00:49]}
37. Rbc1 {[%clk 00:03:02] [%emt 00:01:17]} Qf2 {[%clk 00:03:02] [%emt 00:00:51]}
38. Ne3 {[%clk 00:01:27] [%emt 00:02:05]} Ra2 {[%clk 00:03:23] [%emt 00:00:10]}
39. Nc2 {[%clk 00:01:40] [%emt 00:00:16]} Qh4 {[%clk 00:01:03] [%emt 00:02:49]}
40. Kg1 {[%clk 00:01:19] [%emt 00:00:52]} Qf4 {[%clk 00:01:02] [%emt 00:00:30]}
41. Rcd1 {[%clk 00:47:26] [%emt 00:04:23]} Nh4 {[%clk 00:33:54] [%emt 00:17:38]}
42. Re4 {[%clk 00:39:11] [%emt 00:08:45]} Qf5 {[%clk 00:20:50] [%emt 00:13:34]}
43. Qb3 {[%clk 00:33:59] [%emt 00:05:41]} Nxg2 {[%clk 00:12:33] [%emt 00:08:47]}
44. Qxa2 {[%clk 00:19:45] [%emt 00:14:44]} Qxf3 {[%clk 00:12:52] [%emt
00:00:11]} 45. Qe6 {[%clk 00:19:38] [%emt 00:00:37]} Qxd1+ {[%clk 00:13:08]
[%emt 00:00:15]} 46. Ne1 {[%clk 00:17:06] [%emt 00:03:02]} Nf4 {[%clk 00:12:34]
[%emt 00:01:04]} 47. Qxh6+ {[%clk 00:16:43] [%emt 00:00:53]} Kg8 {[%clk
00:13:03] [%emt 00:00:02]} 48. Qxg5+ {[%clk 00:16:04] [%emt 00:01:09]} Kh8
{[%clk 00:13:28] [%emt 00:00:05]} 49. Qh6+ {[%clk 00:14:44] [%emt 00:01:50]} Kg8
{[%clk 00:13:53] [%emt 00:00:05]} 50. Qg5+ {[%clk 00:14:14] [%emt 00:00:58]} Kh8
{[%clk 00:14:17] [%emt 00:00:06]} 51. Qh4+ {[%clk 00:12:50] [%emt 00:01:53]} Kg8
{[%clk 00:12:18] [%emt 00:02:31]} 52. Qg3+ {[%clk 00:11:35] [%emt 00:01:46]} Kh8
{[%clk 00:12:42] [%emt 00:00:06]} 53. Qh4+ {[%clk 00:08:41] [%emt 00:03:24]} Kg8
{[%clk 00:12:45] [%emt 00:00:27]} 54. Qg3+ {[%clk 00:09:07] [%emt 00:00:04]} Kh8
{[%clk 00:13:10] [%emt 00:00:04]} 55. Qh4+ {[%clk 00:06:53] [%emt 00:02:43]}
1/2-1/2

[Site "Europe Echecs"]

[Event "Grand Swiss "]
[Date "2025.09.11"]
[White "Ponomariov, Ruslan"]
[Black "Shankland, Sam"]
[WhiteElo "2622"]
[BlackElo "2670"]
[Round "7.7.28"]
[Result "1/2-1/2"]

1. e4 {[%clk 01:40:57] [%emt 00:00:03]} c5 {[%clk 01:40:50] [%emt 00:00:11]} 2.
Nf3 {[%clk 01:41:16] [%emt 00:00:11]} d6 {[%clk 01:41:15] [%emt 00:00:05]} 3. d4
{[%clk 01:41:27] [%emt 00:00:19]} cxd4 {[%clk 01:41:40] [%emt 00:00:05]} 4. Nxd4
{[%clk 01:41:51] [%emt 00:00:06]} Nf6 {[%clk 01:42:05] [%emt 00:00:05]} 5. Nc3
{[%clk 01:42:06] [%emt 00:00:14]} a6 {[%clk 01:42:31] [%emt 00:00:04]} 6. g3
{[%clk 01:41:42] [%emt 00:00:54]} e5 {[%clk 01:42:49] [%emt 00:00:12]} 7. Nb3
{[%clk 01:41:28] [%emt 00:00:45]} Be7 {[%clk 01:42:45] [%emt 00:00:34]} 8. Bg5
{[%clk 01:41:29] [%emt 00:00:28]} Nbd7 {[%clk 01:40:38] [%emt 00:02:37]} 9. a4
{[%clk 01:41:14] [%emt 00:00:45]} h6 {[%clk 01:40:06] [%emt 00:01:02]} 10. Be3
{[%clk 01:41:03] [%emt 00:00:41]} h5 {[%clk 01:39:14] [%emt 00:01:23]} 11. Bg5
{[%clk 01:31:27] [%emt 00:10:05]} Nf8 {[%clk 01:30:01] [%emt 00:09:44]} 12. Bxf6
{[%clk 01:30:11] [%emt 00:01:45]} Bxf6 {[%clk 01:30:27] [%emt 00:00:04]} 13. h4
{[%clk 01:30:30] [%emt 00:00:12]} Be6 {[%clk 01:29:59] [%emt 00:00:58]} 14. Nd5
{[%clk 01:25:33] [%emt 00:05:27]} Nd7 {[%clk 01:28:38] [%emt 00:01:52]} 15. Bh3
{[%clk 01:21:34] [%emt 00:04:28]} Rc8 {[%clk 01:24:45] [%emt 00:04:23]} 16. c3
{[%clk 01:17:07] [%emt 00:04:56]} Be7 {[%clk 01:20:56] [%emt 00:04:19]} 17. Kf1
{[%clk 01:05:43] [%emt 00:11:54]} Nf6 {[%clk 01:16:49] [%emt 00:04:38]} 18.
Nxf6+ {[%clk 00:57:40] [%emt 00:08:33]} gxf6 {[%clk 01:16:19] [%emt 00:01:00]}
19. Kg2 {[%clk 00:54:10] [%emt 00:03:59]} d5 {[%clk 01:13:42] [%emt 00:03:08]}
20. Bxe6 {[%clk 00:46:12] [%emt 00:08:28]} fxe6 {[%clk 01:14:09] [%emt
00:00:03]} 21. exd5 {[%clk 00:37:53] [%emt 00:08:49]} Qxd5+ {[%clk 01:14:19]
[%emt 00:00:20]} 22. Qxd5 {[%clk 00:38:05] [%emt 00:00:18]} exd5 {[%clk
01:14:44] [%emt 00:00:05]} 23. Rad1 {[%clk 00:38:20] [%emt 00:00:15]} Rd8 {[%clk
01:14:45] [%emt 00:00:30]} 24. Rd2 {[%clk 00:34:56] [%emt 00:03:54]} Kf7 {[%clk
01:14:01] [%emt 00:01:14]} 25. Rhd1 {[%clk 00:35:17] [%emt 00:00:09]} Ke6 {[%clk
01:13:59] [%emt 00:00:32]} 26. Re2 {[%clk 00:35:41] [%emt 00:00:05]} f5 {[%clk
01:00:33] [%emt 00:13:57]} 27. Nd4+ {[%clk 00:34:09] [%emt 00:02:01]} Kf6 {[%clk
01:00:59] [%emt 00:00:05]} 28. Nf3 {[%clk 00:34:25] [%emt 00:00:14]} e4 {[%clk
01:01:23] [%emt 00:00:05]} 29. Ng5 {[%clk 00:34:44] [%emt 00:00:11]} Rd6 {[%clk
01:00:29] [%emt 00:01:24]} 30. Nh3 {[%clk 00:31:56] [%emt 00:03:18]} Ke5 {[%clk
00:55:08] [%emt 00:05:50]} 31. Nf4 {[%clk 00:30:08] [%emt 00:02:18]} Bxh4 {[%clk
00:53:33] [%emt 00:02:05]} 32. Nd3+ {[%clk 00:28:28] [%emt 00:02:10]} Kf6 {[%clk
00:53:59] [%emt 00:00:05]} 33. Nb4 {[%clk 00:24:40] [%emt 00:04:18]} Bg5 {[%clk
00:53:26] [%emt 00:01:03]} 34. Nxd5+ {[%clk 00:25:05] [%emt 00:00:04]} Ke6
{[%clk 00:52:01] [%emt 00:01:55]} 35. c4 {[%clk 00:25:10] [%emt 00:00:26]} h4
{[%clk 00:50:26] [%emt 00:02:05]} 36. Rh1 {[%clk 00:21:38] [%emt 00:04:01]} Rg8
{[%clk 00:47:26] [%emt 00:03:31]} 37. gxh4 {[%clk 00:21:17] [%emt 00:00:51]}
Bh6+ {[%clk 00:46:07] [%emt 00:01:48]} 38. Kf1 {[%clk 00:16:10] [%emt 00:05:38]}
Ke5 {[%clk 00:44:54] [%emt 00:01:44]} 39. h5 {[%clk 00:16:02] [%emt 00:00:38]}
f4 {[%clk 00:39:13] [%emt 00:06:10]} 40. Rh3 {[%clk 00:12:24] [%emt 00:04:07]}
Rg5 {[%clk 00:32:00] [%emt 00:07:43]} 41. f3 {[%clk 00:08:08] [%emt 00:04:46]}
e3 {[%clk 00:27:19] [%emt 00:05:12]} 42. Rxe3+ {[%clk 00:07:46] [%emt 00:00:51]}
fxe3 {[%clk 00:27:44] [%emt 00:00:05]} 43. f4+ {[%clk 00:08:12] [%emt 00:00:03]}
Kd4 {[%clk 00:28:09] [%emt 00:00:05]} 44. fxg5 {[%clk 00:08:34] [%emt 00:00:08]}
Bxg5 {[%clk 00:28:36] [%emt 00:00:04]} 45. Rg3 {[%clk 00:06:23] [%emt 00:02:40]}
Bh6 {[%clk 00:28:26] [%emt 00:00:40]} 46. Ke2 {[%clk 00:06:29] [%emt 00:00:24]}
Kxc4 {[%clk 00:26:45] [%emt 00:02:11]} 47. Nxe3+ {[%clk 00:04:51] [%emt
00:02:08]} Kb4 {[%clk 00:27:04] [%emt 00:00:11]} 48. Nf5 {[%clk 00:49:26] [%emt
00:05:54]} Rf6 {[%clk 01:16:30] [%emt 00:01:05]} 49. Nxh6 {[%clk 00:41:42] [%emt
00:08:14]} Rxh6 {[%clk 01:16:55] [%emt 00:00:05]} 50. Rg4+ {[%clk 00:42:06]
[%emt 00:00:05]} Kb3 {[%clk 01:17:21] [%emt 00:00:04]} 51. Rh4 {[%clk 00:42:30]
[%emt 00:00:07]} Kxb2 {[%clk 01:11:48] [%emt 00:06:04]} 52. Kd3 {[%clk 00:39:01]
[%emt 00:03:58]} b6 {[%clk 01:10:40] [%emt 00:01:38]} 53. Kc4 {[%clk 00:36:14]
[%emt 00:03:17]} Ka3 {[%clk 01:10:54] [%emt 00:00:17]} 54. Rh1 {[%clk 00:29:14]
[%emt 00:07:29]} Rc6+ {[%clk 01:10:49] [%emt 00:00:35]} 55. Kd5 {[%clk 00:29:34]
[%emt 00:00:09]} Rc8 {[%clk 01:08:45] [%emt 00:02:36]} 56. h6 {[%clk 00:27:06]
[%emt 00:02:57]} Kxa4 {[%clk 01:08:29] [%emt 00:00:47]} 57. Ra1+ {[%clk
00:27:07] [%emt 00:00:28]} Kb5 {[%clk 01:08:46] [%emt 00:00:12]} 58. Rb1+ {[%clk
00:27:25] [%emt 00:00:13]} Ka5 {[%clk 01:09:11] [%emt 00:00:05]} 59. Ra1+ {[%clk
00:27:41] [%emt 00:00:14]} 1/2-1/2

[Site "Europe Echecs"]